000 00593nam a2200205 a 4500
001 BRL_918
005 20190320210943.0
008 241013s1942----mx-ab#####---#000-0#spa-#
041 _aspa
044 _amx
050 4 _aTL152
_b.M36 1942
245 1 0 _aManual del automovilista para 1943
260 _aMéxico
_bAsosiación Nacional Automovilística
_c[1942]
300 _a341 p.
_bil., mapas
_c17 cm.
500 _aAu1078
650 1 4 _aAutomóviles
_vManuales
_xMantenimiento y reparación
_925319
650 1 4 _aConducción de automoviles
_vManuales
_925320
902 _aGRL
942 _2lcc
_cB
999 _c9730
_d9730